000 00738nam a2200241 i 4500
003 DO-SdBNP
005 20230801103931.0
006 a||||er|||| 00| 0
007 ta
008 230801e2017 dr ab||| |||| 00| e spa d
020 _a9789945090284
040 _aDO-SdBNP
_bspa
_cBNPHU
_erda
082 4 _222
_bC186p
245 1 0 _aPor los caminos de Grecia. /
_cAníbal Campagna; editor, Alberto Campagna
264 1 _aSanto Domingo :
_bRobiou,
_c2017
300 _a302 páginas :
_bIlustraciones, mapas ;
_c22 cm.
336 _2rdaconent
_atexto
_btxt
337 _2rdamedia
_asin mediación
_bn
338 _2rdacarrier
_avolumen
_bnc
590 _aInventariado 2023 / MF
700 1 _aCampagna, Alberto,
_eeditor
_983848
942 _2ddc
_cLBS1
999 _c54278
_d54278